Vista normal
Vista MARC
Entrada Personal Name
Número de registros utilizados en: 1
001 - CONTROL NUMBER
- control field: 17155
003 - CONTROL NUMBER IDENTIFIER
- control field: DLC
005 - DATE AND TIME OF LATEST TRANSACTION
- control field: 20250606103236.0
008 - FIXED-LENGTH DATA ELEMENTS
- fixed length control field: 851031n| acannaabn |n aaa
010 ## - LIBRARY OF CONGRESS CONTROL NUMBER
- LC control number: n 85822637
035 ## - SYSTEM CONTROL NUMBER
- System control number: (OCoLC)oca01426915
040 ## - CATALOGING SOURCE
- Original cataloging agency: DLC
- Transcribing agency: Mx-PuUPA
- Modifying agency: OClW
- Modifying agency: Mx-PuUPA
- Language of cataloging: spa
- Description conventions: rda
100 1# - HEADING--PERSONAL NAME
- Personal name: Turnovsky, Stephen J.,
374 ## - OCCUPATION
- Occupation: Autor
375 ## - GENDER
- Gender: hombre
377 ## - ASSOCIATED LANGUAGE
- Language code: eng
670 ## - SOURCE DATA FOUND
- Source citation: nuc85-55290: Marston, R.C. Imported materials prices ... 1983
- Information found: (hdg. on DNAL rept.: Turnovsky, Stephen J.; usage: Stephen J. Turnovsky)
670 ## - SOURCE DATA FOUND
- Source citation: LC data base, 10/31/85
- Information found: (hdg.: Turnovsky, Stephen J.)
670 ## - SOURCE DATA FOUND
- Source citation: Inequality and growth, c2003:
- Information found: t.p. (Stephen J. Turnovsky) jkt. (Castor Prof. of Economics, Univ. of Washington)